Herec rozhovor s Kennethom Tynanom

Bibliographic Details
Other Authors: Tynan, Kenneth (Interviewer)
Format: Book
Language:Slovak
PhysicalDescription:[27] s. 30 cm
Published: Bratislava Diliza 1967
Subjects:

MARC

LEADER 00000nam a2200000 a 4500
001 vtls001388055
003 SK-MaSNL
005 20260331204103.0
008 240314s1967 xo rbd 0 slo
020 |c b.c. 
035 |a SNK000342272 
040 |a SNK  |b slo  |c SNK  |e AACR2 
041 0 |a slo 
044 |a xo  |c SK 
080 |a 929 Olivier, L.K.  |2 1981 
080 |a 820-83=854  |2 1981 
100 1 |a Olivier, Laurence,  |d 1907-1989  |4 ive  |9 295189 
245 1 0 |a Herec  |b rozhovor s Kennethom Tynanom 
260 |a Bratislava  |b Diliza  |c 1967 
300 |a [27] s.  |c 30 cm 
600 1 7 |a Olivier, Laurence,  |d 1907-1989  |2 SNKMA  |9 295189 
655 7 |a rozhovory  |2 SNKPH  |9 31831 
700 1 |a Tynan, Kenneth  |4 ivr  |9 295190 
958 |a OND 
999 |c 551316  |d 553246 
952 |t P60, <03>, [BOOK], {603}  |a SNK  |b SNK  |y PREZ  |7 0  |p 17A0237218  |o snkSB 61711  |i snkD 284/2000  |0 0  |1 0  |4 0  |d 2000-05-03  |f 1  |l 0  |r 2025-04-10 00:00:00  |w 2026-02-23